00388pab a2200133 454500008004000000100001900040245009600059260000900155300001500164362000800179650002900187650001800216773002000234180718b2014 xxu||||| |||| 00| 0 eng d aRio, Pablo del aOn evaluating success in complex policy mixes: the case of renewable energy support schemes c2014 ap.267-287. aSep aRenewable energy sources aPolicy design aPolicy Sciences